| 000 | 01063nam0a22002651 4500 | ||
|---|---|---|---|
| 001 | rc\3968138 | ||
| 005 | 20260406163645.0 | ||
| 021 |
_aRU _b[55-52338] |
||
| 035 | _a(NLR Aleph) 008054418 | ||
| 090 |
_a8962654 _c8962654 |
||
| 100 | _a20130415d1955 |||y0rusy50 ca | ||
| 101 | 0 | _arus | |
| 102 | _aRU | ||
| 105 | _aa z ||||| | ||
| 200 | 1 |
_aМикроцид и его применение _e[Сборник статей] _f[Отв. ред. д-р мед. наук П.Е. Визирь] _gАкад. наук Укр. ССР. Ин-т микробиологии им. акад. Д.К. Заболотного |
|
| 210 |
_aКиев _cИзд-во Акад. наук УССР _d1955 |
||
| 215 |
_a152 с. _cил. _d22 |
||
| 606 |
_aМикроцид _jСборники _2psbo |
||
| 702 | 1 |
_aВизирь _bП.Е. _4340 |
|
| 712 | 0 | 2 |
_aИнститут микробиологии им. Д. К. Заболотного _cКиев _3RU\NLR\AUTH\889935056 _9365077 |
| 801 | 0 |
_aRU _bNLR _gpsbo |
|
| 801 | 1 |
_aRU _bELAR _2rusmarc |
|
| 852 |
_aNLR _jМд20 Г-5/95 |
||
| 942 | _cBOOK | ||
| 980 | _aNB | ||